000
00347nam a2200145Ia 4500
008
231217s9999 xx 000 0 und d
041
_a
English
082
_a
001.6424PAS RAJ
100
_a
Rajaraman, V
245
0
_a
Computer programming in Pascal
260
_c
1991
_b
New Delhi : PHI,
300
_a
ix+219
650
_a
Pascal
942
_c
AA
999
_c
162012
_d
162012